LMF lexical markup framework /
"The community responsible for developing lexicons for Natural Language Processing (NLP) and Machine Readable Dictionaries (MRDs) started their ISO standardization activities in 2003. These activities resulted in the ISO standard--Lexical Markup Framework (LMF). After selecting and defining a c...
| Other Authors: | |
|---|---|
| Format: | eBook |
| Language: | English |
| Published: |
London :
ISTE ;
2013.
Hoboken, NJ : Wiley, 2013. |
| Series: | Computer engineering and IT series.
|
| Subjects: | |
| Online Access: | Full Text via HEAL-Link |
| LEADER | 03503nam a2200709 4500 | ||
|---|---|---|---|
| 001 | ocn844963874 | ||
| 003 | OCoLC | ||
| 005 | 20170124071058.3 | ||
| 006 | m o d | ||
| 007 | cr cnu---unuuu | ||
| 008 | 130529s2013 enka ob 001 0 eng d | ||
| 010 | |z 2012955535 | ||
| 040 | |a N$T |b eng |e rda |e pn |c N$T |d E7B |d YDXCP |d CUS |d CUI |d IDEBK |d EBLCP |d MHW |d OCLCF |d IUL |d OCLCQ |d COO |d DEBSZ |d DEBBG |d AZK |d GrThAP | ||
| 019 | |a 843331619 |a 961671222 |a 962590731 | ||
| 020 | |a 9781118712665 |q (electronic bk.) | ||
| 020 | |a 1118712668 |q (electronic bk.) | ||
| 020 | |a 9781118712696 |q (oBook) | ||
| 020 | |a 1118712692 |q (oBook) | ||
| 020 | |a 1299606709 |q (ebk) | ||
| 020 | |a 9781299606708 |q (ebk) | ||
| 020 | |z 1848214308 | ||
| 020 | |z 9781848214309 |q (print) | ||
| 029 | 1 | |a AU@ |b 000052185372 | |
| 029 | 1 | |a NZ1 |b 15340187 | |
| 029 | 1 | |a DKDLA |b 820120-katalog:000652624 | |
| 029 | 1 | |a CHVBK |b 334084725 | |
| 029 | 1 | |a CHBIS |b 010441823 | |
| 029 | 1 | |a DEBSZ |b 431416885 | |
| 029 | 1 | |a DEBBG |b BV041911250 | |
| 029 | 1 | |a DEBBG |b BV043395959 | |
| 035 | |a (OCoLC)844963874 |z (OCoLC)843331619 |z (OCoLC)961671222 |z (OCoLC)962590731 | ||
| 037 | |a 491920 |b MIL | ||
| 050 | 4 | |a QA76.9.N38 |b L628 2013eb | |
| 072 | 7 | |a COM |x 042000 |2 bisacsh | |
| 082 | 0 | 4 | |a 006.3/5 |2 23 |
| 049 | |a MAIN | ||
| 245 | 0 | 0 | |a LMF lexical markup framework / |c edited by Gil Francopoulo. |
| 264 | 1 | |a London : |b ISTE ; |c 2013. | |
| 264 | 1 | |a Hoboken, NJ : |b Wiley, |c 2013. | |
| 300 | |a 1 online resource (xiv, 266 pages) : |b illustrations. | ||
| 336 | |a text |b txt |2 rdacontent | ||
| 337 | |a computer |b c |2 rdamedia | ||
| 338 | |a online resource |b cr |2 rdacarrier | ||
| 490 | 1 | |a Computer engineering and IT series | |
| 504 | |a Includes bibliographical references and index. | ||
| 588 | 0 | |a Print version record. | |
| 520 | |a "The community responsible for developing lexicons for Natural Language Processing (NLP) and Machine Readable Dictionaries (MRDs) started their ISO standardization activities in 2003. These activities resulted in the ISO standard--Lexical Markup Framework (LMF). After selecting and defining a common terminology, the LMF team had to identify the common notions shared by all lexicons in order to specify a common skeleton (called the core model) and understand the various requirements coming from different groups of users. The goals of LMF are to provide a common model for the creation and use of lexical resources, to manage the exchange of data between and among these resources, and to enable the merging of a large number of individual electronic resources to form extensive global electronic resources."--Publisher's website. | ||
| 650 | 0 | |a Natural language processing (Computer science) | |
| 650 | 0 | |a Lexicography |x Data processing. | |
| 650 | 0 | |a Document markup languages. | |
| 650 | 7 | |a COMPUTERS |x Natural Language Processing. |2 bisacsh | |
| 650 | 7 | |a Document markup languages. |2 fast |0 (OCoLC)fst00896070 | |
| 650 | 7 | |a Lexicography |x Data processing. |2 fast |0 (OCoLC)fst00997022 | |
| 650 | 7 | |a Natural language processing (Computer science) |2 fast |0 (OCoLC)fst01034365 | |
| 655 | 4 | |a Electronic books. | |
| 655 | 7 | |a Electronic books. |2 local | |
| 655 | 0 | |a Electronic books. | |
| 700 | 1 | |a Francopoulo, Gil. | |
| 776 | 0 | 8 | |i Print version: |t LMF lexical markup framework. |d London : ISTE ; Hoboken, NJ : Wiley, ©2013 |z 1848214308 |w (DLC) 2012955535 |w (OCoLC)812570948 |
| 830 | 0 | |a Computer engineering and IT series. | |
| 856 | 4 | 0 | |u https://doi.org/10.1002/9781118712696 |z Full Text via HEAL-Link |
| 994 | |a 92 |b DG1 | ||